| 000 | 00649nam a2200241Ia 4500 | ||
|---|---|---|---|
| 001 | 4454 | ||
| 005 | 20240113233737.0 | ||
| 007 | ta | ||
| 008 | 050613s1993 a g b000 u asm u | ||
| 020 | _cHB | ||
| 040 | _aCotton College Assam | ||
| 041 | _aasm | ||
| 082 |
_a891.411 _bBh 469 Ka |
||
| 100 | _aBhattacharya, Purna . | ||
| 245 | 0 |
_aKabita Aru Adhunik Asamiya Kabita / _cPurna Bhattacharya. _hTextual Documents |
|
| 260 |
_aGuwahati : _bChandra Prakash , _c1993. |
||
| 300 |
_a53p. : _bill. ; _c22cm . |
||
| 653 | _aAssamese Poetry | ||
| 653 | _aAssamese Essays | ||
| 942 |
_2ddc _cBK |
||
| 999 |
_c4441 _d4441 |
||